[Event "BL2 Sued 2122 (Women)"]
[Site "Germany"]
[Date "2022.03.20"]
[Round "5.4"]
[White "Stitterich, Nadine"]
[Black "Tampe, Friederike"]
[Result "1-0"]
[WhiteElo "1988"]
[BlackElo "1594"]
[PlyCount "86"]
[EventDate "2021.11.27"]
[EventType "team-tourn"]
[EventRounds "7"]
[EventCountry "GER"]
[SourceTitle "EXT 2023"]
[Source "ChessBase"]
[SourceDate "2022.10.05"]
[SourceVersion "1"]
[SourceVersionDate "2022.10.05"]
[SourceQuality "1"]
[WhiteTeam "Stuttgart Wolfbusch (W)"]
[BlackTeam "Gernsheim (W)"]
[WhiteTeamCountry "GER"]
[BlackTeamCountry "GER"]

1. e4 e5 2. Nf3 Nc6 3. Bb5 a6 4. Ba4 Bc5 5. 0-0 b5 6. Bb3 Nf6 7. d3 0-0 8. Bg5 Bb7 9. c3 h6 10. Bh4 d6 11. Nbd2 Bb6 12. Re1 Na5 13. Bc2 c5 14. Nf1 Qe7 15. Ne3 Qe6 16. b4 Nc6 17. Bb3 c4 18. dxc4 bxc4 19. Nxc4 Bc7 20. Nb6 Qe8 21. Nxa8 Qxa8 22. Bxf6 gxf6 23. Nh4 Ne7 24. Qh5 Kg7 25. Nf5+ Nxf5 26. Qxf5 Bb6 27. Rad1 Bc8 28. Qh5 Qa7 29. Re2 Qe7 30. Rd3 Kh7 31. Red2 Bc7 32. a4 Be6 33. Bxe6 fxe6 34. Rg3 Qf7 35. Qxf7+ Rxf7 36. Rgd3 Rd7 37. c4 Kg6 38. c5 f5 39. f3 Kf6 40. Rxd6 Bxd6 41. Rxd6 Rb7 42. Rb6 Ra7 43. c6 Ke7 1-0

[Event "BL2 Sued 1718 (Women)"]
[Site "Germany"]
[Date "2018.02.17"]
[Round "6.6"]
[White "Tampe, Friederike"]
[Black "Zemke, Christine"]
[Result "1/2-1/2"]
[WhiteElo "1377"]
[BlackElo "1709"]
[PlyCount "85"]
[EventDate "2017.10.14"]
[EventType "team-tourn"]
[EventRounds "7"]
[EventCountry "GER"]
[SourceTitle "EXT 2019"]
[Source "ChessBase"]
[SourceDate "2018.10.10"]
[SourceVersion "1"]
[SourceVersionDate "2018.10.10"]
[SourceQuality "1"]
[WhiteTeam "Gernsheim (W)"]
[BlackTeam "Mainz Schott (W)"]
[WhiteTeamCountry "GER"]
[BlackTeamCountry "GER"]

1. e4 d5 2. exd5 Qxd5 3. Nc3 Qd8 4. d4 Nf6 5. Nf3 Bf5 6. Bc4 e6 7. 0-0 c6 8. Bf4 Bd6 9. Bxd6 Qxd6 10. Ne2 Nbd7 11. Ng3 Bg6 12. c3 h6 13. Qe2 Nd5 14. Qd2 0-0 15. Rfe1 Rad8 16. Rad1 Qc7 17. Bd3 Bxd3 18. Qxd3 Nf4 19. Qc2 Ng6 20. Rd2 Nf4 21. Red1 c5 22. Ne4 cxd4 23. Rxd4 Nf6 24. Nxf6+ gxf6 25. Qd2 Rxd4 26. Qxd4 b6 27. Qxf6 Ng6 28. Rd4 Kh7 29. Nh4 Qe5 30. Qxe5 Nxe5 31. Kf1 Kg7 32. Ke2 Rc8 33. Nf3 Ng6 34. g3 Rc7 35. Nd2 Ne7 36. Ne4 Nf5 37. Rd3 h5 38. Nd6 Nxd6 39. Rxd6 Kf6 40. Ke3 Ke7 41. Rd4 Rc5 42. a4 a5 43. f4 1/2-1/2

[Event "Wiesbaden op 27th"]
[Site "Wiesbaden"]
[Date "2015.08.29"]
[Round "5"]
[White "Tampe, Friederike"]
[Black "Koellner, Aaron Noah"]
[Result "0-1"]
[WhiteElo "1297"]
[BlackElo "1582"]
[PlyCount "58"]
[EventDate "2015.08.27"]
[EventType "swiss"]
[EventRounds "7"]
[EventCountry "GER"]
[SourceTitle "EXT 2016"]
[Source "ChessBase"]
[SourceDate "2015.10.08"]
[SourceVersion "1"]
[SourceVersionDate "2015.10.08"]
[SourceQuality "1"]

1. e4 c5 2. Nf3 Nf6 3. Nc3 d5 4. exd5 Nxd5 5. Nxd5 Qxd5 6. d3 Nc6 7. Be2 e5 8. Be3 Bd6 9. 0-0 0-0 10. Nd2 Nd4 11. Ne4 Nxe2+ 12. Qxe2 Be7 13. Nc3 Qc6 14. Qh5 f5 15. Rfe1 b5 16. a3 Bb7 17. f3 b4 18. axb4 cxb4 19. Ne2 Qxc2 20. Rab1 Qxd3 21. Bf2 Qb5 22. Ng3 Bc8 23. Re2 g6 24. Qh6 f4 25. Rbe1 fxg3 26. Bxg3 e4 27. Rxe4 Bg5 28. Rxb4 Qc5+ 29. Kh1 Bxh6 0-1

[Event "Karl Mala Memorial op-B 17th"]
[Site "Frankfurt"]
[Date "2014.08.03"]
[Round "6"]
[White "Tampe, Friederike"]
[Black "Porstendoerfer, Eric"]
[Result "1-0"]
[WhiteElo "1238"]
[BlackElo "788"]
[PlyCount "131"]
[EventDate "2014.07.31"]
[EventType "swiss"]
[EventRounds "7"]
[EventCountry "GER"]
[SourceTitle "EXT 2015"]
[Source "ChessBase"]
[SourceDate "2014.11.20"]
[SourceVersion "1"]
[SourceVersionDate "2014.11.20"]
[SourceQuality "1"]

1. e4 e5 2. Nf3 Nc6 3. Bc4 Nf6 4. Ng5 d5 5. exd5 Nxd5 6. d3 Na5 7. Bxd5 Qxd5 8. Qf3 e4 9. Qxe4+ Qxe4+ 10. Nxe4 g6 11. Nf6+ Kd8 12. 0-0 Bg7 13. Ne4 Re8 14. Re1 b6 15. Kf1 Bf8 16. Bg5+ Be7 17. Bxe7+ Rxe7 18. Nbc3 Nc6 19. Ng5 Rxe1+ 20. Rxe1 Ba6 21. Nxf7+ Kc8 22. Ng5 Nb4 23. Re2 Nxc2 24. Kg1 Bxd3 25. Rd2 Nb4 26. a3 Nc6 27. Rxd3 Ne5 28. Rd1 Kb7 29. Nxh7 Re8 30. h3 Re7 31. Nf6 Rf7 32. Nfe4 Rg7 33. f4 Nc4 34. Rb1 Ne3 35. Kf2 Nf5 36. Rd1 Ne7 37. Rd7 Kc6 38. Nf6 Rf7 39. Ncd5 g5 40. Rxe7 Rxe7 41. Nxe7+ Kd6 42. Ng6 Ke6 43. Ne4 Kf5 44. Nxg5 Kxg6 45. g4 c5 46. Ne4 a5 47. h4 c4 48. f5+ Kf7 49. g5 b5 50. h5 b4 51. axb4 axb4 52. Kf3 c3 53. bxc3 b3 54. Nd2 b2 55. h6 Ke7 56. h7 Kd6 57. h8Q Kc5 58. c4 Kb4 59. Qxb2+ Kc5 60. Ke4 Kd6 61. Qb5 Ke7 62. Qb6 Kd7 63. Kd5 Ke7 64. Qc7+ Ke8 65. Ke6 Kf8 66. Qf7# 1-0

[Event "Hessen-ch U14/U18 Girls"]
[Site "Bad Homburg"]
[Date "2014.04.17"]
[Round "5"]
[White "Mao, Yvonne"]
[Black "Tampe, Friederike"]
[Result "1-0"]
[WhiteElo "1563"]
[BlackElo "995"]
[PlyCount "105"]
[EventDate "2014.04.??"]
[EventType "swiss"]
[EventRounds "7"]
[EventCountry "GER"]
[SourceTitle "EXT 2022"]
[Source "ChessBase"]
[SourceDate "2021.10.06"]
[SourceVersion "1"]
[SourceVersionDate "2021.10.06"]
[SourceQuality "1"]

1. e4 e5 2. Nf3 Nc6 3. Nc3 Nf6 4. a3 d6 5. d4 exd4 6. Nxd4 Nxd4 7. Qxd4 Be7 8. Bg5 Be6 9. 0-0-0 Qd7 10. f4 Bg4 11. Rd2 h6 12. Bh4 Rg8 13. h3 Bh5 14. g4 Bg6 15. f5 Bh7 16. Bb5 c6 17. Bc4 Qc7 18. Bg3 0-0-0 19. Qxa7 Rgf8 20. Rhd1 Ne8 21. Rd3 g6 22. e5 gxf5 23. exd6 Bxd6 24. Bxd6 Nxd6 25. Qa8+ Qb8 26. Qxb8+ Kxb8 27. Rxd6 Rxd6 28. Rxd6 fxg4 29. hxg4 Bg6 30. Bd3 Rg8 31. Bxg6 fxg6 32. Kd2 Kc7 33. Ne4 h5 34. gxh5 gxh5 35. Rh6 Rg2+ 36. Kd3 Rh2 37. b3 h4 38. Ng5 Rh1 39. Ke4 Rh2 40. Ne6+ Kb8 41. Nd4 Ka7 42. a4 Kb6 43. b4 Ka7 44. Kf3 Rd2 45. Rxh4 Rd1 46. Re4 Ra1 47. b5 cxb5 48. axb5 Rb1 49. Ke2 Rb4 50. Nc6+ bxc6 51. Rxb4 cxb5 52. Rxb5 Ka6 53. c4 1-0

[Event "Hessen-ch U14/U18 Girls"]
[Site "Bad Homburg"]
[Date "2014.04.15"]
[Round "2"]
[White "Tampe, Friederike"]
[Black "Schneider, Sabrina"]
[Result "0-1"]
[WhiteElo "995"]
[BlackElo "1630"]
[PlyCount "118"]
[EventDate "2014.04.??"]
[EventType "swiss"]
[EventRounds "7"]
[EventCountry "GER"]
[SourceTitle "EXT 2022"]
[Source "ChessBase"]
[SourceDate "2021.10.06"]
[SourceVersion "1"]
[SourceVersionDate "2021.10.06"]
[SourceQuality "1"]

1. e4 g6 2. d4 d6 3. Nf3 Bg7 4. Nc3 Nf6 5. Be2 0-0 6. 0-0 c6 7. Be3 b5 8. a3 a6 9. Qd2 Ng4 10. Bg5 Nd7 11. h3 Ngf6 12. Rad1 Qc7 13. Bh6 a5 14. b4 Qb7 15. Bxg7 Kxg7 16. d5 axb4 17. axb4 Ra3 18. Nh2 Nb6 19. Ra1 Rxa1 20. Rxa1 cxd5 21. exd5 Nc4 22. Qd4 Qb6 23. Qxb6 Nxb6 24. Nxb5 Nfxd5 25. Rb1 Bf5 26. Nd4 Nc3 27. Nxf5+ gxf5 28. Re1 Nbd5 29. b5 Rb8 30. Bd3 Kf6 31. Nf3 Nb4 32. Nd4 e5 33. Ne2 Nxd3 34. cxd3 Nxe2+ 35. Rxe2 Rxb5 36. Kh2 d5 37. f3 Rb4 38. Kg3 h5 39. h4 Rd4 40. Rd2 Kg6 41. Kf2 Rxh4 42. Kg3 Rd4 43. Rd1 f4+ 44. Kf2 f5 45. Ke2 e4 46. fxe4 dxe4 47. dxe4 Rxe4+ 48. Kf2 Kg5 49. Rd3 Ra4 50. Kg1 Kg4 51. Kh2 Re4 52. Rd2 Re3 53. Rf2 h4 54. Rf1 f3 55. gxf3+ Rxf3 56. Kg2 Rxf1 57. Kxf1 f4 58. Kg2 h3+ 59. Kh2 Kf3 0-1

[Event "Hessen-ch U12"]
[Site "Bad Homburg"]
[Date "2013.??.??"]
[Round "8"]
[White "Lange, Lars"]
[Black "Tampe, Friederike"]
[Result "1/2-1/2"]
[WhiteElo "1235"]
[BlackElo "1009"]
[PlyCount "49"]
[EventDate "2013.03.??"]
[EventType "swiss"]
[EventRounds "9"]
[EventCountry "GER"]
[SourceTitle "EXT 2014"]
[Source "ChessBase"]
[SourceDate "2013.11.20"]
[SourceVersion "1"]
[SourceVersionDate "2013.11.20"]
[SourceQuality "1"]

1. e4 e5 2. Nf3 d6 3. Bc4 Be7 4. d3 Nf6 5. Nc3 Be6 6. Bb3 c6 7. Be3 Nbd7 8. 0-0 Nf8 9. Qe2 Ng6 10. h3 0-0 11. Ng5 Bxb3 12. axb3 d5 13. Bd2 d4 14. Na2 c5 15. Nf3 b6 16. Rac1 Re8 17. b4 Qd7 18. bxc5 bxc5 19. Ra1 a5 20. Nc1 Qb5 21. b3 a4 22. Re1 axb3 23. Nxb3 Bd6 24. Reb1 Rxa1 25. Rxa1 1/2-1/2

[Event "Hessen-ch U12"]
[Site "Bad Homburg"]
[Date "2012.??.??"]
[Round "3"]
[White "Tampe, Friederike"]
[Black "Albert, Rene"]
[Result "1-0"]
[WhiteElo "890"]
[BlackElo "712"]
[PlyCount "37"]
[EventDate "2012.04.??"]
[EventType "swiss"]
[EventRounds "9"]
[EventCountry "GER"]
[SourceTitle "EXT 2015"]
[Source "ChessBase"]
[SourceDate "2014.11.20"]
[SourceVersion "1"]
[SourceVersionDate "2014.11.20"]
[SourceQuality "1"]

1. e4 e5 2. Nf3 Nf6 3. d3 Bc5 4. Be2 0-0 5. Be3 Bb4+ 6. c3 Ba5 7. Nbd2 Ng4 8. Nf1 d5 9. exd5 Qxd5 10. Ng3 Nxe3 11. fxe3 Bg4 12. 0-0 e4 13. dxe4 Qxd1 14. Raxd1 Nc6 15. Nd4 Ne5 16. Bxg4 Nxg4 17. Ngf5 Rfd8 18. Ne7+ Kf8 19. Nef5 1-0

[Event "Hessen-ch U12"]
[Site "Bad Homburg"]
[Date "2012.??.??"]
[Round "4"]
[White "Tampe, Friederike"]
[Black "Schmidt, Sarah"]
[Result "0-1"]
[WhiteElo "890"]
[BlackElo "1099"]
[PlyCount "124"]
[EventDate "2012.04.??"]
[EventType "swiss"]
[EventRounds "9"]
[EventCountry "GER"]
[SourceTitle "EXT 2015"]
[Source "ChessBase"]
[SourceDate "2014.11.20"]
[SourceVersion "1"]
[SourceVersionDate "2014.11.20"]
[SourceQuality "1"]

1. e4 d5 2. exd5 Nf6 3. Bc4 Nxd5 4. Bxd5 Qxd5 5. Nc3 Qxg2 6. Qf3 Qxf3 7. Nxf3 Nc6 8. d3 e5 9. Be3 Bb4 10. Bd2 Bg4 11. Ng1 0-0-0 12. f3 Bf5 13. 0-0-0 Rhe8 14. Re1 Be6 15. b3 f5 16. Nh3 e4 17. fxe4 fxe4 18. Nf4 Bf5 19. Re2 g5 20. Nfd5 Bxc3 21. Nxc3 exd3 22. Rxe8 Rxe8 23. cxd3 Bxd3 24. Bxg5 Be2 25. Re1 Bh5 26. Rxe8+ Bxe8 27. Bf4 Nd4 28. Be3 Nb5 29. Nxb5 Bxb5 30. Bxa7 b6 31. Kc2 Kb7 32. Bxb6 cxb6 33. Kc3 Kc6 34. Kb4 h5 35. h4 Be2 36. a4 Bf1 37. Kc3 Kd5 38. Kb4 Kc6 39. Kc3 Kc5 40. b4+ Kd6 41. a5 bxa5 42. bxa5 Ke5 43. Kd2 Kf4 44. Ke1 Bb5 45. Kf2 Kg4 46. Kg2 Kxh4 47. Kh2 Kg4 48. Kh1 h4 49. Kh2 h3 50. Kg1 Kg3 51. Kh1 Bc6+ 52. Kg1 h2+ 53. Kf1 h1Q+ 54. Ke2 Qf3+ 55. Kd2 Kf4 56. a6 Qe3+ 57. Kc2 Ba4+ 58. Kb2 Qb3+ 59. Ka1 Qc2 60. a7 Qg2 61. Kb1 Ke3 62. Kc1 Qc2# 0-1